LEADER 01008nam 2200349 4500 001 990000729490203316 010 $a2-02-020107-0 035 $a0072949 035 $aUSA010072949 035 $a(ALEPH)000072949USA01 035 $a0072949 100 $a20011112d1994----km-y0ENGy0103----ba 101 $afra 102 $aFR 200 1 $a<> grandes crises internationales et le droit$fGilbert Guillame 210 $aParis$cSeuil$dc1994 215 $a318 p.$d18 cm 225 2 $aPoints$iEssais 410 $12001$aPoints$iEssais 606 $aRelazioni internazionali 676 $a327.101 700 1$aGUILLAUME,$bGilbert$0241098 801 0$aIT$bsalbc$gISBD 912 $a990000729490203316 951 $aIG FR VIII 17 341$b11238 G$cIG FR VIII 959 $aBK 969 $aGIU 979 $aPATTY$b90$c20011112$lUSA01$h1107 979 $c20020403$lUSA01$h1721 979 $aPATRY$b90$c20040406$lUSA01$h1650 996 $aGrandes crises internationales et le droit$9660858 997 $aUNISA LEADER 01619nam0 22003371i 450 001 UON00267833 005 20231205103742.412 010 $a88-510-0266-5 100 $a20051014d2005 |0itac50 ba 101 $aita 102 $aIT 105 $a|||| ||||| 200 1 $aNuove ricerche archeologiche a Pompei ed Ercolano$eatti del convegno internazionale, Roma 28-30 novembre 2002$fa cura di Giovanni Guzzo, Maria Paola Guidobaldi 205 $aNapoli : Electa Napoli$b2005 210 $a395 p.$cill. ; 28 cm 215 $aIn testa al front.$cMinistero per i Beni e le Attivita' Culturali Soprintendenza Archeologica di Pompei 316 $aSoprintendenza Archeologica di Pompei$5IT-UONSI N 2POMPEI042/10 410 1$1001UON00133793$12001 $aStudi della Soprintendenza Archeologica di Pompei$v10 606 $aSCAVI ARCHEOLOGICI$xPompei$xCongressi$3UONC057352$2FI 606 $aSCAVI ARCHEOLOGICI$xErcolano$xCongressi$3UONC057353$2FI 620 $aIT$dNapoli$3UONL000012 676 $a937.07$cSTORIA DELL'IMPERO ROMANO FINO AL 476 d.C.$v21 702 1$aGUIDOBALDI$bMaria Paola$3UONV057413 702 1$aGUZZO$bPier Giovanni$3UONV056937 712 $aElecta Napoli$3UONV269883$4650 801 $aIT$bSOL$c20240220$gRICA 899 $aSIBA - SISTEMA BIBLIOTECARIO DI ATENEO$2UONSI 912 $aUON00267833 950 $aSIBA - SISTEMA BIBLIOTECARIO DI ATENEO$dSI N 2 POMPEI 042 10 $eSI MC 29659 5 10 Soprintendenza Archeologica di Pompei 996 $aNuove ricerche archeologiche a Pompei ed Ercolano$9746062 997 $aUNIOR